000 00845cam a2200241Ia 4500
005 20180312142019.0
008 140519s1990 ck a jr 000 j spa d
020 _a9580411441
040 _aCO-BoUCM
_bspa
_cJose A. Gerena
_dJose A. Gerena
041 1 _aspa
100 1 _aSouthall, Ivan
_959846
245 1 3 _aEl camino de los fresnos
_cIvan Southall ; traducción de Jorge Cárdenas Nannetti
260 _aBogotá (Colombia)
_bNorma
_c1990
300 _a268 páginas
_bilustraciones
490 0 _aColección torre de papel
_aTorre verde
650 7 _aLiteratura australiana
_918608
650 7 _aLiteratura juvenil
_97795
690 _942867
_aLiteratura oriental
700 1 _aCárdenas Nannetti, Jorge
_etraductor
_930494
765 _tAsh Road
942 _a18
_cLIBRO
_e1
_mS726
_2DEWEY
_h828.3
_n0
999 _c242822
_d242822